01100 2200337 4500001002100000005001500021035002000036007000300056008004100059020002200100082001500122084001700137100003100154245016700185250003500352300003000387500001100417650001500428700003600443700003100479264004400510336002100554337003000575338002300605040002200628090002200650850001200672504003400684999002200718990002200740INLIS00000000088144620230901111214 a0010-0923000038ta230901 2023 g 1 ind  a978-623-5367-93-404223a306.81 a306.81 ANW h1 aAnwar Nawawi, MePengarang10aHegemoni patriarkhisme :bhak keadilan perempuan dalam undang-undang perkawinan di Indonesia /cM. Anwar Nawawi, Habib Shulton Asnawi; penyunting, M. Nurdin Zuhdi aCetakan pertama, Desember 2022 axxv, 266 halaman ;c23 cm aIndeks 4aPerkawinan0 aHabib Shulton AsnawiePengarang3 aNurdin Zuhdi, MePengarang31aBantul :bThe Journal Publishing,c2022 2rdacontentateks 2rdamediaatanpa perantara 2rdacarrieravolume aYOPDYOGbindcrda aCB-D.11 2022-4215 aYOPDYOG aBibliografi : halaman 233-243 aCB-D.11/2022-4215 aCB-D.11/2022-4215